000 00731na a2200253 4500
001 24443
003 MIRAKIL
005 20181226104235.0
008 181017b tu 000 0
020 _a9754800111
041 _atur
082 _a330
_bS13k 1989
090 _a330 S13k 1989
100 _aSchumacher, Ernest Friedrich
245 _aKüçük güzeldir
_cE. F. Schumacher ; Türkçeye aktaran: Osman Deniztekin
260 _aİstanbul
_bCep kitapları
_c1989
_fKurtiş Matbaası
300 _a230 s
_c20 sm.
440 _aCep kitapları
_v61
490 _aDüşün dizisi
_v2
500 _aÖzgün yapıt adı: Small is a beatiful
650 _aEkonomi
942 _2ddc
_cBKS
040 _aMilas
_btur
_cTR-AnCHP
999 _c11818
_d11818